UK Residential Market Survey (Record no. 122077)
[ view plain ]
| 000 -LEADER | |
|---|---|
| fixed length control field | 01493nam a22002057a 4500 |
| 008 - FIXED-LENGTH DATA ELEMENTS--GENERAL INFORMATION | |
| fixed length control field | 241223e20241209xxk|||||o|||| 00| 0 eng d |
| 041 ## - LANGUAGE CODE | |
| Language code of text/sound track or separate title | eng |
| 110 ## - MAIN ENTRY--CORPORATE NAME | |
| Corporate author | Royal Institution of Chartered Surveyors |
| 245 ## - TITLE STATEMENT | |
| Title | UK Residential Market Survey |
| Subtitle | November 2024 |
| Medium | [Electronic resource] |
| 260 ## - PUBLICATION INFORMATION | |
| Place of publication | London, |
| Publisher | Royal Institution of Chartered Surveyors, |
| Date | December 2024 |
| 300 ## - PHYSICAL DESCRIPTION | |
| Physical description | 18p |
| 490 ## - SERIES TITLE | |
| Series statement | RICS UK Residential Market Survey |
| 520 ## - ABSTRACT | |
| Abstract | The November 2024 RICS Residential Survey <br/>results remain consistent with a gentle up-trend <br/>across the market, with metrics on new buyer <br/>demand, new instructions and house prices all <br/>continuing to register readings in expansionary <br/>territory. Looking ahead, despite the rise in <br/>mortgage interest rates seen over recent weeks, <br/>respondents still foresee a modest improvement <br/>in sales activity over the near-term, albeit <br/>expectations have been scaled back somewhat <br/>compared to the previous iteration of the survey. <br/>Looking at demand trends across the sales market, <br/>the new buyer enquiries series posted a headline <br/>net balance reading of +12% in November (almost <br/>unchanged from +11% last time) |
| 650 ## - KEYWORDS | |
| Keywords | HOUSING MARKET |
| 650 ## - KEYWORDS | |
| Keywords | RESIDENTIAL PROPERTY |
| 651 ## - SUBJECT ADDED ENTRY--GEOGRAPHIC NAME | |
| Geographic name | United Kingdom |
| 710 ## - ADDED CORPORATE NAME | |
| Added corporate author | Royal Institution of Chartered Surveyors |
| 856 ## - ONLINE RESOURCE | |
| Uniform Resource Identifier | <a href="https://www.rics.org/content/dam/ricsglobal/documents/market-surveys/November_2024_RICS_UK_Residential_Market_Survey.pdf">https://www.rics.org/content/dam/ricsglobal/documents/market-surveys/November_2024_RICS_UK_Residential_Market_Survey.pdf</a> |
| Public note | Available free on RICS.org |
| 942 ## - ADDED ENTRY ELEMENTS (KOHA) | |
| Suppress in OPAC | Do not suppress in OPAC |
| Lost status | Damaged status | Not for loan | Current library | Shelving location | Date acquired | Total Checkouts | Full call number | Date last seen | Price effective from | Koha item type |
|---|---|---|---|---|---|---|---|---|---|---|
| Virtual | Online | 23/12/2024 | PROPERTY MARKET DATA | 23/12/2024 | 23/12/2024 | Online material |